Complete course in astrobiology (Record no. 16674)

MARC details
000 -LEADER
fixed length control field 00613nam a2200193Ia 4500
003 - CONTROL NUMBER IDENTIFIER
control field IN-BaIIA
008 - FIXED-LENGTH DATA ELEMENTS--GENERAL INFORMATION
fixed length control field 211028s9999 xx 000 0 eng d
020 ## - INTERNATIONAL STANDARD BOOK NUMBER
International Standard Book Number 978-3-527-40660-9
040 ## - CATALOGING SOURCE
Transcribing agency IIA Library
080 ## - UNIVERSAL DECIMAL CLASSIFICATION NUMBER
Universal Decimal Classification number 523.07
Item number COM
245 #0 - TITLE STATEMENT
Title Complete course in astrobiology
Statement of responsibility, etc. edited by Gerda Horneck and Petra Rettberg
260 ## - PUBLICATION, DISTRIBUTION, ETC.
Place of publication, distribution, etc. Weinheim
Name of publisher, distributor, etc. Wiley-VCH Verlag Gmbh
Date of publication, distribution, etc. 2007
300 ## - PHYSICAL DESCRIPTION
Extent xx, 413p.
490 ## - SERIES STATEMENT
Series statement Physics textbook
650 ## - SUBJECT ADDED ENTRY--TOPICAL TERM
Topical term or geographic name entry element Astrobiology
9 (RLIN) 25948
700 ## - ADDED ENTRY--PERSONAL NAME
Personal name Horneck, Gerda, ed.
9 (RLIN) 25950
700 ## - ADDED ENTRY--PERSONAL NAME
Personal name Rettberg, Petra, ed.
9 (RLIN) 31080
942 ## - ADDED ENTRY ELEMENTS (KOHA)
Koha item type Books
Holdings
Withdrawn status Lost status Damaged status Not for loan Home library Current library Shelving location Date acquired Source of acquisition Cost, normal purchase price Total Checkouts Full call number Barcode Date last seen Cost, replacement price Price effective from Koha item type Purchase Price
        IIA Library-Bangalore IIA Library-Bangalore General Stacks 05/12/2007 SSB 3602.70   523.07/ COM 17596 05/11/2021 3602.70 05/12/2007 Books Rs. 3602.70

Powered by Koha